Normal view
MARC view
- Mateen Khalid Muhammad Mateen Khalid
Entry Personal Name
001 - CONTROL NUMBER
- control field: 79052
003 - CONTROL NUMBER IDENTIFIER
- control field: NUST
005 - DATE AND TIME OF LATEST TRANSACTION
- control field: 20210628210334.0
008 - FIXED-LENGTH DATA ELEMENTS
- fixed length control field: 210628|| aca||aabn | a|a d
040 ## - CATALOGING SOURCE
- Original cataloging agency: NUST
- Transcribing agency: NUST
100 ## - HEADING--PERSONAL NAME
- Personal name: Mateen Khalid Muhammad Mateen Khalid
670 ## - SOURCE DATA FOUND
- Source citation: Work cat.: (NUST): Mateen Khalid Muhammad Mateen Khalid, Jab hazoor aay muhammad peace be upon him, 1997
